[Event "LTU-chT"]
[Site "Vilnius"]
[Date "2013.02.10"]
[Round "5.1"]
[White "Slapikas, Vytautas"]
[Black "Martinkus, Rolandas"]
[Result "1-0"]
[WhiteElo "2361"]
[BlackElo "2203"]
[PlyCount "73"]
[EventDate "2013.01.19"]
[EventType "team-swiss"]
[EventRounds "7"]
[EventCountry "LTU"]
[SourceTitle "CBM 152 Extra"]
[Source "ChessBase"]
[SourceDate "2013.02.25"]
[SourceVersion "1"]
[SourceVersionDate "2013.02.25"]
[SourceQuality "1"]
[WhiteTeam "Ukmerge Juodasis"]
[BlackTeam "Marijampole Suduva"]
[WhiteTeamCountry "LTU"]
[BlackTeamCountry "LTU"]

1. e4 d6 2. d4 Nf6 3. Nc3 e5 4. Nf3 Nbd7 5. Bc4 Be7 6. 0-0 0-0 7. Re1 c6 8. a4 a5 9. Bf1 Qb6 10. g3 Re8 11. Bg2 Bf8 12. h3 exd4 13. Qxd4 Qxd4 14. Nxd4 d5 15. Bd2 Bc5 16. Nb3 d4 17. Ne2 Nxe4 18. Nexd4 Bxd4 19. Nxd4 Ndf6 20. Bf4 Bd7 21. Nb3 g5 22. Bc7 Rac8 23. Bxa5 Bf5 24. c4 Kg7 25. Rad1 c5 26. g4 Bg6 27. f3 Ng3 28. Rxe8 Rxe8 29. Nxc5 Ne2+ 30. Kf2 Nf4 31. Bf1 Rc8 32. Nxb7 Rb8 33. Nd6 Rxb2+ 34. Rd2 Rc2 35. Rxc2 Bxc2 36. Bc3 Bxa4 37. Ne4 1-0

[Event "LTU-chT"]
[Site "Vilnius"]
[Date "2013.01.19"]
[Round "2.1"]
[White "Slapikas, Vytautas"]
[Black "Grybas, Gintaras"]
[Result "1-0"]
[WhiteElo "2361"]
[BlackElo "2003"]
[PlyCount "89"]
[EventDate "2013.01.19"]
[EventType "team-swiss"]
[EventRounds "7"]
[EventCountry "LTU"]
[SourceTitle "CBM 152 Extra"]
[Source "ChessBase"]
[SourceDate "2013.02.25"]
[SourceVersion "1"]
[SourceVersionDate "2013.02.25"]
[SourceQuality "1"]
[WhiteTeam "Ukmerge Juodasis"]
[BlackTeam "Vilnius LASF"]
[WhiteTeamCountry "LTU"]
[BlackTeamCountry "LTU"]

1. e4 c6 2. d4 d5 3. exd5 cxd5 4. c4 Nf6 5. Nc3 e6 6. Nf3 Be7 7. Bd3 0-0 8. 0-0 Nc6 9. a3 b6 10. cxd5 Nxd5 11. Nxd5 Qxd5 12. Qc2 f5 13. Be3 Bf6 14. Rfd1 Qd6 15. Bc4 Kh8 16. d5 Na5 17. Ba2 e5 18. Bd2 Nb7 19. Qc6 Rd8 20. Bb4 Qd7 21. Bc3 Re8 22. Re1 e4 23. Bxf6 gxf6 24. Qxf6+ Qg7 25. Qxg7+ Kxg7 26. Nd2 Nc5 27. b4 Nd3 28. Re3 Ba6 29. f3 exf3 30. Rxf3 f4 31. Bc4 Bxc4 32. Nxc4 Ne5 33. Rxf4 Ng6 34. Rd4 Rad8 35. d6 Rd7 36. a4 Re2 37. Rad1 Ra2 38. a5 b5 39. Nd2 Ne5 40. Nb3 Nc6 41. Rg4+ Kf6 42. Nc5 Rd8 43. d7 Ne5 44. Rf4+ Kg5 45. Ne6+ 1-0

[Event "LTU-chT"]
[Site "Lithuania"]
[Date "2012.03.03"]
[Round "6"]
[White "Beinoras, Mindaugas"]
[Black "Slapikas, Vytautas"]
[Result "0-1"]
[WhiteElo "2353"]
[BlackElo "2353"]
[PlyCount "104"]
[EventDate "2012.01.21"]
[EventType "team-swiss"]
[EventRounds "7"]
[EventCountry "LTU"]
[SourceTitle "EXT 2013"]
[Source "ChessBase"]
[SourceDate "2012.11.22"]
[SourceVersion "1"]
[SourceVersionDate "2012.11.22"]
[SourceQuality "1"]
[WhiteTeam "Klaipeda Bokstas"]
[BlackTeam "Ukmerge Juodasis"]
[WhiteTeamCountry "LTU"]
[BlackTeamCountry "LTU"]

1. d4 d6 2. c4 e5 3. Nf3 e4 4. Ng5 f5 5. Nc3 Be7 6. h4 Nf6 7. g3 Nc6 8. Bg2 0-0 9. 0-0 a5 10. a3 Qe8 11. e3 Bd8 12. b3 Ne7 13. Nh3 d5 14. Nf4 Qf7 15. Qe2 b6 16. f3 c6 17. Qd1 Bc7 18. fxe4 dxe4 19. Qe1 Nh5 20. Nce2 Nxf4 21. exf4 a4 22. Qb4 axb3 23. Bb2 Be6 24. Rac1 Rfb8 25. d5 cxd5 26. Nd4 dxc4 27. Nxe6 Qxe6 28. Rxc4 Nd5 29. Qxb3 b5 30. Rxc7 Nxc7 31. Qc3 Ne8 32. Bh3 Rd8 33. Qb4 Rd3 34. Qxb5 Rxg3+ 35. Kh2 Qb3 36. Qxb3+ Rxb3 37. Be5 Rxh3+ 38. Kxh3 Rxa3+ 39. Kg2 Kf7 40. Rb1 Ra2+ 41. Kg3 Ra3+ 42. Kg2 Nf6 43. Rb7+ Kg6 44. Rc7 Rd3 45. Re7 Nh5 46. Ra7 Rg3+ 47. Kh2 Rg4 48. Ra6+ Kf7 49. Ra7+ Ke6 50. Kh3 Nxf4+ 51. Bxf4 Rxf4 52. Rxg7 e3 0-1

[Event "LTU-chT"]
[Site "Lithuania"]
[Date "2012.02.11"]
[Round "4"]
[White "Zagorskis, Darius"]
[Black "Slapikas, Vytautas"]
[Result "1/2-1/2"]
[WhiteElo "2512"]
[BlackElo "2353"]
[PlyCount "61"]
[EventDate "2012.01.21"]
[EventType "team-swiss"]
[EventRounds "7"]
[EventCountry "LTU"]
[SourceTitle "CBM 146 Extra"]
[Source "ChessBase"]
[SourceDate "2012.02.29"]
[SourceVersion "1"]
[SourceVersionDate "2012.02.29"]
[SourceQuality "1"]
[WhiteTeam "Kaunas Trys nuliai"]
[BlackTeam "Ukmerge Juodasis"]
[WhiteTeamCountry "LTU"]
[BlackTeamCountry "LTU"]

1. d4 Nf6 2. Nf3 d6 3. g3 Bg4 4. Bg2 c6 5. h3 Bxf3 6. Bxf3 d5 7. Nd2 Nbd7 8. e4 dxe4 9. Nxe4 Nxe4 10. Bxe4 Nf6 11. Bg2 e6 12. 0-0 Be7 13. c4 0-0 14. Be3 Qa5 15. a3 Rfd8 16. b4 Qc7 17. Qb3 a6 18. Rfc1 Rd7 19. d5 e5 20. dxc6 bxc6 21. Rd1 e4 22. Qc2 a5 23. bxa5 Rxa5 24. a4 h6 25. Bxe4 Rxd1+ 26. Rxd1 Nxe4 27. Qxe4 Rxa4 28. Bf4 Qb7 29. Re1 Bf6 30. Qc2 Ra1 31. Rxa1 1/2-1/2

[Event "LTU-chT 1011"]
[Site "Lithuania"]
[Date "2010.11.21"]
[Round "2"]
[White "Kalvaitis, Sigitas"]
[Black "Slapikas, Vytautas"]
[Result "1-0"]
[WhiteElo "2327"]
[BlackElo "2349"]
[PlyCount "63"]
[EventDate "2010.11.06"]
[EventType "team-tourn"]
[EventRounds "9"]
[EventCountry "LTU"]
[SourceTitle "EXT 2012"]
[Source "ChessBase"]
[SourceDate "2011.11.24"]
[SourceVersion "1"]
[SourceVersionDate "2011.11.24"]
[SourceQuality "1"]

1. e4 c6 2. d4 d5 3. e5 Bf5 4. Nd2 e6 5. Nb3 Nd7 6. Nf3 h6 7. Be2 Ne7 8. 0-0 Nc8 9. Ne1 Be7 10. Nd3 0-0 11. Bg4 Bxd3 12. cxd3 c5 13. Be3 cxd4 14. Bxd4 a5 15. a4 Na7 16. f4 Nc6 17. Be3 Re8 18. Kh1 Nf8 19. Qf3 Rc8 20. Qf2 Nb4 21. Rad1 Rc2 22. Qf3 f5 23. Bh5 g6 24. Nd4 gxh5 25. Qxh5 Rc7 26. g4 Bc5 27. gxf5 Bxd4 28. Rg1+ Kh8 29. Bxd4 Rh7 30. Qg4 Nd7 31. fxe6 Nc6 32. exd7 1-0

[Event "LTU-ch"]
[Site "Nemencine"]
[Date "2010.04.25"]
[Round "1"]
[White "Kontrimas, Andrius"]
[Black "Slapikas, Vytautas"]
[Result "0-1"]
[WhiteElo "1843"]
[BlackElo "2358"]
[PlyCount "62"]
[EventDate "2010.04.25"]
[EventType "swiss"]
[EventRounds "9"]
[EventCountry "LTU"]
[SourceTitle "CBM 136 Extra"]
[Source "ChessBase"]
[SourceDate "2010.07.02"]
[SourceVersion "2"]
[SourceVersionDate "2010.07.15"]
[SourceQuality "1"]

1. e4 c6 2. d4 d5 3. Nc3 dxe4 4. Nxe4 Bf5 5. Ng3 Bg6 6. h4 h6 7. h5 Bh7 8. Nf3 Nd7 9. Bd3 Bxd3 10. Qxd3 e6 11. Bd2 Ngf6 12. 0-0-0 Be7 13. Ne4 Nxe4 14. Qxe4 Nf6 15. Qe2 Qd5 16. Kb1 0-0 17. Ne5 Rad8 18. Be3 b5 19. g4 Nd7 20. Nd3 Nb6 21. f4 Nc4 22. Bc1 a5 23. g5 hxg5 24. fxg5 Bxg5 25. Bxg5 Qxg5 26. Rhg1 Qe3 27. Qg2 Qxd4 28. c3 Qf6 29. Ka1 Ne3 30. Qxc6 Nxd1 31. Rxd1 Rxd3 0-1

[Event "LTU-chT 0910"]
[Site "Lithuania"]
[Date "2009.11.07"]
[Round "1.42"]
[White "Slapikas, Vytautas"]
[Black "Mickevicius, Juras"]
[Result "1/2-1/2"]
[WhiteElo "2358"]
[BlackElo "2346"]
[PlyCount "103"]
[EventDate "2009.11.07"]
[EventType "team-tourn"]
[EventRounds "9"]
[EventCountry "LTU"]
[SourceTitle "EXT 2022"]
[Source "ChessBase"]
[SourceDate "2021.10.06"]
[SourceVersion "1"]
[SourceVersionDate "2021.10.06"]
[SourceQuality "1"]
[WhiteTeam "Vilnius Fortas"]
[BlackTeam "Vilnius Chess United"]
[WhiteTeamCountry "LTU"]
[BlackTeamCountry "LTU"]

1. e4 c6 2. d4 d5 3. exd5 cxd5 4. Bd3 Nc6 5. c3 Nf6 6. h3 g6 7. Nf3 Bg7 8. 0-0 0-0 9. Re1 Qc7 10. Bg5 Bf5 11. Bxf5 gxf5 12. Qc1 Ne4 13. Nh4 Nxg5 14. Qxg5 e6 15. Nf3 h6 16. Qd2 b5 17. Na3 Rab8 18. Nc2 Kh7 19. Nb4 Qd6 20. Nxc6 Qxc6 21. a3 a5 22. g4 Rg8 23. Kh1 fxg4 24. hxg4 Qd6 25. g5 f6 26. Qd3+ f5 27. Qe3 Rbe8 28. Rg1 Qf8 29. Rae1 b4 30. axb4 axb4 31. Qf4 bxc3 32. bxc3 Rh8 33. g6+ Kg8 34. Rb1 Qe7 35. Rb8 Bf6 36. Rgb1 Rxb8 37. Rxb8+ Kg7 38. Rxh8 Kxh8 39. Qxh6+ Kg8 40. Kg2 Qg7 41. Qh5 Qh8 42. Qxh8+ Kxh8 43. Kg3 Kg7 44. Kf4 Kxg6 45. Ne5+ Kg7 46. Nd7 Bh4 47. Ke5 Bxf2 48. Nc5 Be1 49. Nxe6+ Kf7 50. Kxf5 Bxc3 51. Ke5 Bxd4+ 52. Nxd4 1/2-1/2

[Event "WMSG Rapid Team 1st"]
[Site "Beijing"]
[Date "2008.10.14"]
[Round "1"]
[White "Shabalov, Alexander"]
[Black "Slapikas, Vytautas"]
[Result "1-0"]
[WhiteElo "2585"]
[BlackElo "2357"]
[PlyCount "77"]
[EventDate "2008.10.14"]
[EventType "team (rapid)"]
[EventRounds "9"]
[EventCountry "CHN"]
[SourceTitle "CBM 126 Extra"]
[Source "ChessBase"]
[SourceDate "2008.11.05"]
[SourceVersion "1"]
[SourceVersionDate "2008.11.05"]
[SourceQuality "1"]

1. e4 c6 2. d4 d5 3. e5 Bf5 4. Nd2 e6 5. Nb3 Nd7 6. Nf3 h6 7. Be2 Ne7 8. 0-0 Bh7 9. Ne1 Nf5 10. c3 Be7 11. f4 Qc7 12. Nd3 0-0-0 13. Kh1 f6 14. Bd2 g5 15. Rc1 fxe5 16. Nxe5 Nxe5 17. fxe5 Rdf8 18. c4 Nh4 19. Be1 Be4 20. Bxh4 gxh4 21. Bg4 Qd7 22. Qe2 Kb8 23. Nd2 Bg6 24. Nf3 Rf4 25. Bh3 Rhf8 26. c5 Bh5 27. Qd3 Bxf3 28. Rxf3 Rxf3 29. gxf3 Bg5 30. Rf1 Qf7 31. b4 Bf4 32. Qe2 Rg8 33. a4 a6 34. b5 axb5 35. axb5 cxb5 36. Ra1 Qg6 37. c6 Rg7 38. Qa2 Kc7 39. cxb7 1-0

[Event "WMSG Blitz Team 1st"]
[Site "Beijing"]
[Date "2008.10.13"]
[Round "3"]
[White "Slapikas, Vytautas"]
[Black "Likavsky, Tomas"]
[Result "1-0"]
[WhiteElo "2357"]
[BlackElo "2498"]
[PlyCount "81"]
[EventDate "2008.10.13"]
[EventType "tourn (blitz)"]
[EventRounds "11"]
[EventCountry "CHN"]
[SourceTitle "CBM 126 Extra"]
[Source "ChessBase"]
[SourceDate "2008.11.05"]
[SourceVersion "1"]
[SourceVersionDate "2008.11.05"]
[SourceQuality "1"]

1. e4 c5 2. c3 d5 3. exd5 Qxd5 4. d4 Nf6 5. Nf3 e6 6. Bd3 Nc6 7. 0-0 Be7 8. Be3 cxd4 9. cxd4 0-0 10. Nc3 Qd6 11. a3 b6 12. Rc1 Bb7 13. Bb1 Rfd8 14. Qd3 Rac8 15. Rfd1 g6 16. Ba2 Bf8 17. Bg5 Bg7 18. Bh4 Ne7 19. Bg3 Qd7 20. Ne5 Qe8 21. Nb5 Nf5 22. Rxc8 Bxc8 23. Nf3 a6 24. Nc3 Bb7 25. Be5 Qf8 26. h3 b5 27. Ng5 h6 28. Nxe6 fxe6 29. Bxe6+ Kh8 30. Bxf5 gxf5 31. Qxf5 Ng8 32. Qh5 Bxe5 33. dxe5 Qg7 34. g3 Rxd1+ 35. Nxd1 Qf8 36. Ne3 Bf3 37. Nf5 Kh7 38. Nd4 Bd5 39. f4 Ne7 40. g4 Nc6 41. Kf2 1-0

[Event "LTU-ch"]
[Site "Kaunas"]
[Date "2008.05.24"]
[Round "10"]
[White "Slapikas, Vytautas"]
[Black "Kveinys, Aloyzas"]
[Result "1/2-1/2"]
[WhiteElo "2347"]
[BlackElo "2515"]
[PlyCount "29"]
[EventDate "2008.05.17"]
[EventType "tourn"]
[EventRounds "11"]
[EventCountry "LTU"]
[EventCategory "8"]
[SourceTitle "CBM 124 Extra"]
[Source "ChessBase"]
[SourceDate "2008.07.03"]
[SourceVersion "1"]
[SourceVersionDate "2008.07.03"]
[SourceQuality "1"]

1. e4 c5 2. c3 Nf6 3. e5 Nd5 4. d4 cxd4 5. Nf3 e6 6. cxd4 d6 7. Bc4 Nc6 8. 0-0 Be7 9. a3 0-0 10. Qe2 Bd7 11. Qe4 Rc8 12. Bd3 f5 13. exf6 Nxf6 14. Qe2 Qe8 15. Nc3 1/2-1/2

[Event "LTU-ch sf"]
[Site "Vilnius"]
[Date "2008.02.18"]
[Round "5"]
[White "Limontas, Martynas"]
[Black "Slapikas, Vytautas"]
[Result "0-1"]
[WhiteElo "2289"]
[BlackElo "2329"]
[PlyCount "78"]
[EventDate "2008.02.15"]
[EventType "swiss"]
[EventRounds "9"]
[EventCountry "LTU"]
[SourceTitle "CBM 123 Extra"]
[Source "ChessBase"]
[SourceDate "2008.05.06"]
[SourceVersion "1"]
[SourceVersionDate "2008.05.06"]
[SourceQuality "1"]

1. d4 d5 2. c4 e6 3. Nc3 Nf6 4. Bg5 Be7 5. cxd5 exd5 6. e3 c6 7. Bd3 0-0 8. Qc2 h6 9. Bh4 Ng4 10. Bg3 Bd6 11. Nge2 Bxg3 12. Nxg3 a5 13. Qe2 Re8 14. 0-0-0 a4 15. Rd2 a3 16. b3 Na6 17. Nf5 Nf6 18. g4 Qa5 19. Na4 b5 20. Nc5 Nxc5 21. dxc5 Qc3+ 22. Kb1 Bxf5 23. Bxf5 Qxc5 24. h4 d4 25. Rc1 Qe5 26. Qf3 dxe3 27. Qxe3 Qxe3 28. fxe3 Rxe3 29. Rxc6 Ne4 30. Bxe4 Rxe4 31. Rg2 Rae8 32. Kc1 b4 33. Rd6 Rf4 34. g5 Rxh4 35. g6 fxg6 36. Rdxg6 Re7 37. Rd6 Rh1+ 38. Kd2 Rb1 39. Kd3 Rd1+ 0-1

[Event "LTU-chT2 0708"]
[Site "Lithuania"]
[Date "2008.02.03"]
[Round "7.11"]
[White "Slapikas, Vytautas"]
[Black "Mickus, Arvydas"]
[Result "1-0"]
[WhiteElo "2334"]
[BlackElo "2207"]
[PlyCount "59"]
[EventDate "2007.09.27"]
[EventType "team-tourn"]
[EventRounds "9"]
[EventCountry "LTU"]
[SourceTitle "EXT 2022"]
[Source "ChessBase"]
[SourceDate "2021.10.06"]
[SourceVersion "1"]
[SourceVersionDate "2021.10.06"]
[SourceQuality "1"]

1. e4 c5 2. c3 d5 3. exd5 Qxd5 4. d4 Nf6 5. Nf3 e6 6. Bd3 Be7 7. 0-0 0-0 8. c4 Qd8 9. dxc5 Bxc5 10. a3 b6 11. b4 Be7 12. Nc3 Bb7 13. Qe2 Nc6 14. Rd1 Qc7 15. g3 a6 16. Bf4 Qc8 17. Na4 Nd7 18. Bxh7+ Kxh7 19. Qd3+ Kg8 20. Qxd7 Nxb4 21. Ne5 Nc2 22. Qxe7 Nxa1 23. Nxb6 Qe8 24. Qxb7 Rb8 25. Qxa6 Nb3 26. Ned7 Rd8 27. Qb5 e5 28. Bxe5 Qe6 29. Qxb3 Rxd7 30. Nxd7 1-0

[Event "LTU-chT2 0708"]
[Site "Lithuania"]
[Date "2008.01.20"]
[Round "6.21"]
[White "Maciokas, Kostas"]
[Black "Slapikas, Vytautas"]
[Result "0-1"]
[WhiteElo "2195"]
[BlackElo "2334"]
[PlyCount "46"]
[EventDate "2007.09.27"]
[EventType "team-tourn"]
[EventRounds "9"]
[EventCountry "LTU"]
[SourceTitle "EXT 2022"]
[Source "ChessBase"]
[SourceDate "2021.10.06"]
[SourceVersion "1"]
[SourceVersionDate "2021.10.06"]
[SourceQuality "1"]

1. d4 d6 2. c4 e5 3. d5 f5 4. Nc3 Nf6 5. Qc2 g6 6. g3 Bg7 7. Bg2 0-0 8. e4 Na6 9. f3 c6 10. Be3 fxe4 11. fxe4 Ng4 12. Qd2 Nb4 13. Rc1 Nxe3 14. Qxe3 Qb6 15. Qxb6 axb6 16. Ke2 Bh6 17. Ra1 Nc2 18. Rf1 Bg4+ 19. Rf3 Rf7 20. h3 Nd4+ 21. Kf2 Bxf3 22. Nxf3 Nxf3 23. Bxf3 Raf8 0-1

[Event "LTU-chT2 0708"]
[Site "Lithuania"]
[Date "2007.12.02"]
[Round "4.11"]
[White "Slapikas, Vytautas"]
[Black "Kincinas, Rolandas"]
[Result "1-0"]
[WhiteElo "2334"]
[BlackElo "2051"]
[PlyCount "71"]
[EventDate "2007.09.27"]
[EventType "team-tourn"]
[EventRounds "9"]
[EventCountry "LTU"]
[SourceTitle "EXT 2022"]
[Source "ChessBase"]
[SourceDate "2021.10.06"]
[SourceVersion "1"]
[SourceVersionDate "2021.10.06"]
[SourceQuality "1"]

1. e4 c6 2. d4 d5 3. exd5 cxd5 4. Bd3 g6 5. h3 Bg7 6. Nf3 Nc6 7. c3 Nf6 8. 0-0 0-0 9. Re1 Re8 10. Bg5 Qb6 11. Qb3 Qxb3 12. axb3 Bf5 13. Bxf5 gxf5 14. b4 b6 15. Na3 a5 16. bxa5 Rxa5 17. Nh4 Ne4 18. Bf4 e6 19. f3 Nf6 20. Bc7 Ra6 21. Nc2 Rea8 22. Bxb6 Rxa1 23. Rxa1 Rb8 24. Bc5 Rxb2 25. Nb4 Nxb4 26. Ra8+ Bf8 27. Rxf8+ Kg7 28. cxb4 Nh5 29. g4 fxg4 30. hxg4 Nf4 31. Rb8 Rb1+ 32. Kf2 e5 33. Nf5+ Kg6 34. Rg8+ Kf6 35. dxe5+ Kxe5 36. Bd6+ 1-0

[Event "Plunge op"]
[Site "Plunge"]
[Date "2007.07.17"]
[Round "3"]
[White "Macenis, Audrius"]
[Black "Slapikas, Vytautas"]
[Result "1/2-1/2"]
[WhiteElo "2034"]
[BlackElo "2334"]
[PlyCount "69"]
[EventDate "2007.07.16"]
[EventType "swiss"]
[EventRounds "9"]
[EventCountry "LTU"]
[SourceTitle "EXT 2010"]
[Source "ChessBase"]
[SourceDate "2010.11.25"]
[SourceVersion "1"]
[SourceVersionDate "2010.11.25"]
[SourceQuality "1"]

1. e4 c6 2. d4 d5 3. Nd2 dxe4 4. Nxe4 Bf5 5. Ng3 Bg6 6. Nf3 Nd7 7. h4 h6 8. h5 Bh7 9. Bd3 Bxd3 10. Qxd3 e6 11. Bf4 Qa5+ 12. Bd2 Qc7 13. 0-0-0 Ngf6 14. Ne4 0-0-0 15. g3 Nc5 16. Nxc5 Bxc5 17. c4 Qe7 18. Bc3 Ng4 19. Qe2 Bb4 20. Bxb4 Qxb4 21. Ne5 Nxe5 22. dxe5 a5 23. a3 Qb3 24. Rd6 Qb6 25. Rhd1 Qc5 26. Kb1 Rxd6 27. Rxd6 Rd8 28. Rxd8+ Kxd8 29. Qd3+ Ke7 30. f4 b5 31. cxb5 cxb5 32. Qe4 a4 33. Qb7+ Ke8 34. Qb8+ Ke7 35. Qb7+ 1/2-1/2